Normal view
MARC view
- Zafar, Haseeb
Entry Personal Name
001 - CONTROL NUMBER
- control field: 16577
003 - CONTROL NUMBER IDENTIFIER
- control field: NUST
005 - DATE AND TIME OF LATEST TRANSACTION
- control field: 20190703105359.0
008 - FIXED-LENGTH DATA ELEMENTS
- fixed length control field: 190703|| aca||aabn | a|a d
040 ## - CATALOGING SOURCE
- Original cataloging agency: NUST
- Transcribing agency: NUST
100 ## - HEADING--PERSONAL NAME
- Personal name: Zafar, Haseeb
670 ## - SOURCE DATA FOUND
- Source citation: Work cat.: (NUST): Zafar, Haseeb, Application of Semi-Distributed model for Hydrological Assessment under Changing Climate-A Case study of Panjkora River Catchment /, 2019.
